000 00711nam a2200289Ia 4500
005 20260324133242.0
008 008 260324s9999 xx 000 0 eng d
020 _a9780203483770
037 _aEBOOK
040 _aCRL
040 _beng
040 _cCRL
041 _2eng
041 _aeng
084 _qCRL
100 _aPhoebe S. Prosky; David V. Keith
_91192373
245 0 _aFamily Therapy as an Alternative to Medication
245 3 _bAn Appraisal of Pharmland
260 _bTaylor and Francis
260 _c2003
365 _a
365 _b51.99
856 _uhttp://www.taylorfrancis.com/books/9780203483770
942 _cEBOOK
999 _c1791253
_d1791253